• 首页
  • 本馆介绍
  • 公告通知
  • 最新文献
  • 馆藏检索
  • 电子资源
  • 读者导购
  • 参考咨询
  • 我的图书馆
  • 登录
  • 详细信息显示
  • 放入我的书架
  • 预约/预借图书
  • 作者相关作品
  • 分类相关作品
  • 丛书相关作品
  • 出版社相关作品

书目信息

  • 表格格式
  • 工作单格式
  • 卡片格式
题名:
中原音韵音系
    
 
作者: 杨耐思
分册:  
出版信息: 北京   中国社会科学出版社  1981
页数: 186页
开本: 20cm
丛书名:
单 册:
中图分类: H114.2
科图分类:
主题词: 汉语--语音 , 汉语--音韵学
电子资源:
ISBN:
000 00519nam0 2200193 450
001 0728815141
005 20070819080015.14
010    @d¥0.97
100    @a20070819d km y0chiy0120 ea
101 0  @achi
200 1  @a中原音韵音系@Azhong yuan yin yun yin xi@f杨耐思@Fyang nai si
210    @a北京@c中国社会科学出版社@d1981
215    @a186页@d20cm
606 0  @a汉语@x语音
606 0  @a汉语@x音韵学
690    @aH114.2@v3
701  0 @a杨耐思@Ayang nai si
801  0 @aCN@bPFT@c20070819
905    @a213230@dH114.2@eZW28@f1
    
    中原音韵音系/杨耐思.-北京:中国社会科学出版社,1981
    186页;20cm
    
    
    ISBN :¥0.97
    
●
相关链接 在E读中查询图书 在五车中查询图书 在当当中查询图书 在豆瓣中查询图书


正题名:中原音韵音系     索取号:H114.2/ZW28         预约/预借

序号 登录号 条形码 馆藏地/架位号 状态 备注
1 7615191   276151913   密集书库-文学院/ [索取号:H114.2/ZW28] 在馆    
唐山师范学院图书馆 欢迎您!
大连网信软件有限公司© 版权所有